| 000 | 00563nam a2200205Ia 4500 | ||
|---|---|---|---|
| 008 | 191130s2006##################000#0#eng## | ||
| 020 | _a9780071464703 | ||
| 022 | _a2006042034 | ||
| 040 |
_aACL _cACL |
||
| 082 | _a650.01513 BLU | ||
| 100 | _aBluman, Allan G | ||
| 245 |
_aBusiness math demystified _cAllan G. Bluman |
||
| 260 |
_aNew York _bMcGraw-Hill _cc2006 |
||
| 300 | _axii, 391 p. : ill. ; 24 cm | ||
| 500 | _aIncludes index | ||
| 650 | _aBusiness mathematics | ||
| 990 | _a55cc6dbeac10000c1c189db3be707087 | ||
| 991 | _a90680 | ||
| 999 |
_c121705 _d121705 |
||